00568 2200217 4500001002100000005001500021035002000036007000300056008004100059040001200100100001900112245006100131250001100192300002800203020002200231082001700253084001700270260003100287650002000318850001200338INLIS00000000069506420230120021201 a0010-0123000376ta230120 a 0 ind  aJIPUBAY0 aHeru Kurniawan1 aMembaca dan menulis huruf, angka, kata /cHeru Kurniawan aCet. 1 a92 hlm :bIlus ;c25 cm a978-623-206-242-9 2[23]a372.21 a372.21 HER m aSolo :bTiga Ananda,c2019 4aPendidikan anak aJIPUBAY